Statystyki dla Wszyscy gospodarze Mistrzostw Świata w koszykówce

Kliknij tutaj aby rozwiązać quiz!

Ogólne statystyki

  • Ten quiz został rozwiązany 38 razy
  • Średni wynik to 15 z 21

Statystyki odpowiedzi

RokGospodarz% Poprawnych
2002Stany Zjednoczone
100%
1994Kanada
97%
1954Brazylia
91%
1963Brazylia
91%
2014Hiszpania
91%
1986Hiszpania
91%
2019Chiny
86%
2023Japonia
86%
2006Japonia
86%
1950Argentyna
83%
1990Argentyna
83%
2010Turcja
71%
1998Grecja
69%
1709Jugosławia
66%
1959Chile
63%
1982Kolumbia
63%
2023Indonezja
51%
1967Urugwaj
49%
1978Filipiny
46%
2023Filipiny
46%
1974Portoryko
6%

Rozkład punktacji

Percentyl według liczby udzielonych odpowiedzi

Procent ludzi z każdym wynikiem

Twoja historia wyników

Nie rozwiązałeś tego quizu